• 首页
  • 本馆介绍
  • 公告通知
  • 最新文献
  • 馆藏检索
  • 电子资源
  • 读者导购
  • 参考咨询
  • 我的图书馆
  • 登录
  • 详细信息显示
  • 放入我的书架
  • 预约/预借图书
  • 作者相关作品
  • 分类相关作品
  • 丛书相关作品
  • 出版社相关作品

书目信息

  • 表格格式
  • 工作单格式
  • 卡片格式
题名:
社会交往心理学
    
 
作者: 霍有光 编著
分册:  
出版信息: 西安   西安交通大学出版社  2003
页数: 276页
开本: 20cm
丛书名:
单 册:
中图分类: C912.1 , B84
科图分类:
主题词: 心理交往--社会心理学 , 心理学
电子资源:
ISBN: 7-5605-0800-6
000 00902nam0 2200265 450
001 1535220664
005 20150128135546.90
010    @a7-5605-0800-6@dCNY8.00
100    @a20040726d2003 em y0chiy50 ea
101 0  @achi
102    @aCN@b610000
105    @ay z 000yy
200 1  @a社会交往心理学@9she hui jiao wang xin li xue@e人际心理与交往技巧@f霍有光编著
205    @a2版
210    @a西安@c西安交通大学出版社@d2003
215    @a276页@d20cm
330    @a本书在对社会交往中的心理、行为技巧、礼仪伦理等研究的基础上,对交往中给人的印象、对于对方的观察,及择友、交往的口语与表情、公关交往等细节进行讨论。
517 1  @a人际心理与交往技巧@9ren ji xin li yu jiao wang ji qiao
606 0  @a心理交往@x社会心理学
606 0  @a心理学
690    @aC912.1@v5
690    @aB84@v4
701  0 @a霍有光@9huo you guang@f(1950~)@4编著
801  0 @aCN@bTSSF@c20150128
905    @aZUCC@dB84@eJY416=2
    
    社会交往心理学:人际心理与交往技巧/霍有光编著.-2版.-西安:西安交通大学出版社,2003
    276页;20cm
    
    
    ISBN 7-5605-0800-6:CNY8.00
    本书在对社会交往中的心理、行为技巧、礼仪伦理等研究的基础上,对交往中给人的印象、对于对方的观察,及择友、交往的口语与表情、公关交往等细节进行讨论。
●
相关链接 在E读中查询图书 在五车中查询图书 在当当中查询图书 在豆瓣中查询图书


正题名:社会交往心理学     索取号:B84/JY416=2         预约/预借

序号 登录号 条形码 馆藏地/架位号 状态 备注
1 7846231   278462316   学院路分馆/ [索取号:B84/JY416=2] 在馆    
唐山师范学院图书馆 欢迎您!
大连网信软件有限公司© 版权所有